000 00549nam a22002057a 4500
005 20240610064824.0
008 240610b |||||||| |||| 00| 0 eng d
020 _a1856495361
082 _222
_a363
_bNEG
245 _aNegotiating Reproductive Rights
_bwomen's perspectives Across countries and cultures
250 _a1 st
260 _aUK
_bZed Books Ltd
_c1998
300 _aviii, 358 p .,
650 _aEconomic
650 _aWoman
650 _aCulture
700 _aPetchesky, p Rosalind
_eedt
700 _aJudd, Karen
_eedt
942 _cL
999 _c5886
_d5886